Rugby Positions - Statistics

General Stats
  • This quiz has been taken 549 times
  • The average score is 9 of 15
Answer Stats
Hint Answer % Correct
2 Hooker
93%
1 Loose-head Prop
92%
3 Tight-head Prop
92%
4 Second Row
80%
5 Second Row
80%
9 Scrum Half
75%
10 Fly Half
68%
15 Full Back
56%
11 Left Wing
46%
14 Right Wing
43%
7 Openside Flanker
37%
6 Blindside Flanker
36%
12 Inside Centre
36%
13 Outside Centre
31%
8 Number Eight
29%
No matching quizzes found
Score Distribution
Percent of People with Each Score
Percentile by Number Answered
Your Score History
You have not taken this quiz